| 000 | 00000nam 2200000za 4500 |
| 001 | 9.698609 |
| 003 | CaOODSP |
| 005 | 20210625000015 |
| 007 | cr ||||||||||| |
| 008 | 150407|2014||||xxc|||||o f|0| 0 eng d |
| 020 | |a978-1-100-22899-0 |
| 040 | |aCaOODSP|beng |
| 043 | |an-cn--- |
| 086 | 1 |aIu37-3/2013E-PDF |
| 110 | 1 |aCanada.|bIndustry Canada. |bIndustrial Technologies Office. |
| 245 | 10|aTechnology Demonstration Program - program guide |h[electronic resource] |
| 260 | |aOttawa - Ontario : |bIndustry Canada. |cApril 2014. |
| 300 | |a8p.|btables |
| 590 | |a14-19|b2014-05-09 |
| 690 | 07|aIndustrial technology|2gcpds |
| 690 | 07|aTechnology policy|2gcpds |
| 775 | 08|tProgramme de démonstration de technologie - guide de programme |w(CaOODSP)9.642616 |
| 776 | 0#|tTechnology Demonstration Program |w(CaOODSP)9.677715 |
| 776 | 0#|tProgramme de démonstration de technologies |w(CaOODSP)9.677716 |
| 794 | |tTechnology Demonstration Program - program guide |w(CaOODSP)9.801749 |
| 856 | 40|ahttp://publications.gc.ca|qPDF|s66 KB|uhttps://publications.gc.ca/collections/collection_2014/ic/Iu37-3-2013-eng.pdf |